书目信息 |
| 题名: |
居室美化与人体健康
|
|
| 作者: | 林晓雅 主编 | |
| 分册: | ||
| 出版信息: | 北京 化学工业出版社 1997.03 |
|
| 页数: | 114页 | |
| 开本: | 32开 | |
| 丛书名: | ||
| 单 册: | ||
| 中图分类: | B834.2 | |
| 科图分类: | ||
| 主题词: | 美学-关系-社会生活 | |
| 电子资源: | ||
| ISBN: | 7-5025-1848-7 | |
| 000 | 00570nam0 2200193 45 | |
| 001 | 0011212087 | |
| 005 | 20001121205147.1 | |
| 010 | @a7-5025-1848-7@d7.50元 | |
| 100 | @a20001121d1997 km y0chiy0120 ea | |
| 101 | 0 | @achi |
| 105 | @a z 000yy | |
| 200 | 1 | @a居室美化与人体健康@AJu Shi Mei Hua Yu Ren Ti Jian Kang@f林晓雅主编@FLin Xiao Ya Zhu Bian |
| 210 | @a北京@c化学工业出版社@d1997.03 | |
| 215 | @a114页@d32开 | |
| 606 | 0 | @a美学-关系-社会生活 |
| 690 | @aB834.2@v3 | |
| 701 | 0 | @a林晓雅@4主编 |
| 801 | @aCN@bPftUser@c20001121 | |
| 905 | @b500552-553@dB834.2@eL928@f2 | |
| 居室美化与人体健康/林晓雅主编.-北京:化学工业出版社,1997.03 |
| 114页;32开 |
| ISBN 7-5025-1848-7:7.50元 |
| ● |
| 相关链接 |
|
|
|
正题名:居室美化与人体健康
索取号:B834.2/L928
 
预约/预借
| 序号 | 登录号 | 条形码 | 馆藏地/架位号 | 状态 | 备注 |
| 1 | 500552 | 205005527 | 社科库509/509社科库 33排4列1层/ [索取号:B834.2/L928] | 在馆 | |
| 2 | 500553 | 205005536 | 社科库509/509社科库 33排4列1层/ [索取号:B834.2/L928] | 在馆 |